Дело о происшествиях по городу Санкт-Петербургу

Доступно только в Электронных читальных залах Найти на картеНа карте
RUSMARC
00003662nmc2a22000003x 450
001434afb77-ae9b-4538-acd5-c1e5c363acb0
00520210408212419.0
100##$a20190306l18721873k l0rusy0189 ca
1010#$arus
102##$aRU
2001#$aДело о происшествиях по городу Санкт-Петербургу
$j19 января 1872 г. - 11 октября 1873 г.
251##$cДело
300##$aДело
801#0$aRU
$bРГИА
$c20190306
$gRCR
801#1$aRU
$bГлавНИВЦ
$c20190306
$2rusmarc
801#2$aRU
$bПБ им. Б.Н. Ельцина
$c20210408
$gRCR
$2rusmarc
850##$aРГИА
852##$aРГИА
$eФедеральное казенное учреждение "Российский государственный исторический архив" (РГИА)
$j359
937##$hРГИА
$d12309694
$aASBIBLIO_SCAN
462#0$10017183a664-d7f7-46a9-8f6a-e3161a466d42
$12001
$aДела Департамента полиции исполнительной МВД за 1872 год
$1251
$cОпись
$1852
$j33
$l1872 г.
461#0$10013e300ed0-cd39-49af-8489-5ba5b90fa401
$12001
$aДепартамент полиции исполнительной МВД
$1251
$cФонд
$1852
$j1286
215##$a18 л.
$d36,5х26 см
371##$aДокумент не является опубликованным и широко распространяемым
105##$ay###
1222#$ad
035##$a434afb77-ae9b-4538-acd5-c1e5c363acb0
856##$uhttp://readingroom.main.prlib.ru/item.aspx?id_node=n161725029&mode=full
Формат отображения